000 00404nam a2200145Ia 4500
008 220217s9999||||xx |||||||||||||| ||und||
020 _a978-81-317-1726-4
082 _a005.13 BUD
100 _aBudd, Timothy
_92374
245 0 _aIntroduction to object oriented programming
250 _a3rd
260 _aPearson education asia
_bDelhi
_c2008
300 _b375
650 _aPROGRAMMING LANGUAGE
999 _c176508
_d176508